El vigor del spanglish [documento web] /

Guardado en:
Autor Principal: Valenzuela, Javier
Formato: Libro
Publicado: Madrid : El País, 0
Etiquetas: Agregar Etiqueta
Sin Etiquetas, Sea el primero en etiquetar este registro!
LEADER 00400nam a22001455a 4500
001 CEM.cems011213
005 20060214000000.0
008 130507b######################000#0#####d
003 CEMS
082 0 4 |a F468 
100 1 |a Valenzuela, Javier 
245 1 0 |a El vigor del spanglish [documento web] / 
260 |a Madrid :  |b El País, 0 
300 |a 5 p.1 
859 |a CEMS  |b BIB. CEMS - 11 de abril  |h F468  |i 3-3  |p 1914.44  |t Ej.1